[Event "BEL-chT 1819"]
[Site "Belgium"]
[Date "2018.09.30"]
[Round "1.7"]
[White "Real, Thibault"]
[Black "Goossens, Etienne"]
[Result "1-0"]
[WhiteElo "2177"]
[BlackElo "2241"]
[PlyCount "77"]
[EventDate "2018.09.30"]
[EventType "team-tourn"]
[EventRounds "11"]
[EventCountry "BEL"]
[SourceTitle "CBM 186 Extra"]
[Source "ChessBase"]
[SourceDate "2018.08.24"]
[SourceVersion "1"]
[SourceVersionDate "2018.08.24"]
[SourceQuality "1"]
[WhiteTeam "Boitsfort"]
[BlackTeam "Liege Crelel"]
[WhiteTeamCountry "BEL"]
[BlackTeamCountry "BEL"]

1. d4 e6 2. Nf3 c5 3. c3 d5 4. Bf4 Bd6 5. Bg3 Nf6 6. e3 0-0 7. Nbd2 b6 8. Ne5 Bb7 9. Bd3 Nc6 10. f4 Ne7 11. Qf3 Nf5 12. Bf2 Be7 13. 0-0 Nd6 14. Bh4 Nfe4 15. Bxe7 Qxe7 16. Qe2 Rac8 17. a4 a5 18. Nxe4 dxe4 19. Bb5 cxd4 20. exd4 Nxb5 21. Qxb5 Qc7 22. Ng4 Bc6 23. Qh5 f6 24. Ne3 Rfd8 25. Qg4 f5 26. Qe2 Bd5 27. Qf2 Bc4 28. Rfc1 Bd3 29. Nd1 h6 30. Qe3 g5 31. fxg5 f4 32. Qh3 hxg5 33. Nf2 Qc4 34. Qh6 e3 35. Qxg5+ Kh7 36. Ng4 Rf8 37. Qh5+ Kg8 38. Qg5+ Kh8 39. Ne5 1-0

[Event "Oberliga NRW 1516"]
[Site "Germany"]
[Date "2016.04.03"]
[Round "8"]
[White "Nissen, Claus"]
[Black "Goossens, Etienne"]
[Result "1-0"]
[WhiteElo "2087"]
[BlackElo "2187"]
[PlyCount "67"]
[EventDate "2015.09.27"]
[EventType "team-tourn"]
[EventRounds "9"]
[EventCountry "GER"]
[SourceTitle "EXT 2017"]
[Source "ChessBase"]
[SourceDate "2016.10.25"]
[SourceVersion "1"]
[SourceVersionDate "2016.10.25"]
[SourceQuality "1"]
[WhiteTeam "Oberhausen"]
[BlackTeam "Wuerselen"]
[WhiteTeamCountry "GER"]
[BlackTeamCountry "GER"]

1. d4 Nf6 2. Nf3 g6 3. c4 Bg7 4. Nc3 0-0 5. e4 d6 6. Be2 e5 7. dxe5 dxe5 8. Qxd8 Rxd8 9. Nd5 Nxd5 10. cxd5 c6 11. Bc4 b5 12. Bb3 Bb7 13. Bg5 Rd7 14. Rc1 a5 15. dxc6 Nxc6 16. Rc5 Nb4 17. 0-0 a4 18. Bd1 f6 19. Be3 Bf8 20. Rxb5 Nxa2 21. Be2 Kg7 22. Nd2 Rc8 23. Bg4 Rcc7 24. Bxd7 Rxd7 25. Ra1 Nb4 26. Rxa4 Bc6 27. Raxb4 f5 28. f4 g5 29. g3 gxf4 30. gxf4 exf4 31. Bxf4 fxe4 32. Rg5+ Kf6 33. Rb6 Bc5+ 34. Rxc5 1-0

[Event "Oberliga NRW 1516"]
[Site "Germany"]
[Date "2016.02.14"]
[Round "6.7"]
[White "Schulze, Marc Andre"]
[Black "Goossens, Etienne"]
[Result "1-0"]
[WhiteElo "2103"]
[BlackElo "2187"]
[PlyCount "85"]
[EventDate "2015.09.27"]
[EventType "team-tourn"]
[EventRounds "9"]
[EventCountry "GER"]
[SourceTitle "EXT 2017"]
[Source "ChessBase"]
[SourceDate "2016.10.25"]
[SourceVersion "1"]
[SourceVersionDate "2016.10.25"]
[SourceQuality "1"]
[WhiteTeam "Plettenberg"]
[BlackTeam "Wuerselen"]
[WhiteTeamCountry "GER"]
[BlackTeamCountry "GER"]

1. d4 e6 2. Bf4 c5 3. e3 Nf6 4. Nf3 b6 5. Bd3 Be7 6. h3 0-0 7. 0-0 Bb7 8. Nbd2 d6 9. c3 Nbd7 10. Qe2 Qc7 11. a4 e5 12. dxe5 Nxe5 13. Nxe5 dxe5 14. Bh2 Rad8 15. Rfd1 Qc6 16. e4 Nd7 17. Bb5 Qg6 18. f3 f5 19. Nc4 fxe4 20. fxe4 Bh4 21. Bxd7 Bf2+ 22. Kh1 Bxe4 23. Qg4 Qxg4 24. Bxg4 Rxd1+ 25. Rxd1 Bc2 26. Rd2 Bxa4 27. Be6+ Kh8 28. Nxe5 Be3 29. Nf7+ Kg8 30. Re2 Bc1 31. Rf2 Re8 32. Bc4 Re1+ 33. Bg1 g6 34. Ne5+ Kg7 35. Nd3 Rxg1+ 36. Kxg1 Be3 37. b4 cxb4 38. cxb4 b5 39. Bd5 Bc2 40. Ne5 a5 41. bxa5 b4 42. Kf1 b3 43. Rf7+ 1-0

[Event "BEL-chT 1516"]
[Site "Belgium"]
[Date "2015.11.29"]
[Round "5.6"]
[White "Goossens, Etienne"]
[Black "Roeder, Mathias"]
[Result "1-0"]
[WhiteElo "2216"]
[BlackElo "2395"]
[PlyCount "83"]
[EventDate "2015.09.27"]
[EventType "team-tourn"]
[EventRounds "11"]
[EventCountry "BEL"]
[SourceTitle "EXT 2017"]
[Source "ChessBase"]
[SourceDate "2016.10.25"]
[SourceVersion "1"]
[SourceVersionDate "2016.10.25"]
[SourceQuality "1"]
[WhiteTeam "Liege Crelel"]
[BlackTeam "Eynatten"]
[WhiteTeamCountry "BEL"]
[BlackTeamCountry "BEL"]

1. d4 Nf6 2. c4 e6 3. Nf3 d5 4. g3 Bb4+ 5. Nc3 0-0 6. Bg2 dxc4 7. 0-0 Nc6 8. a3 Be7 9. e4 Na5 10. Be3 c6 11. Qe2 b5 12. Rad1 Bb7 13. Ne5 a6 14. g4 Nb3 15. g5 Nd7 16. Nxd7 Qxd7 17. e5 Qc7 18. Ne4 Rfd8 19. Nf6+ Kh8 20. Qh5 Bxf6 21. gxf6 g6 22. Qh6 Rg8 23. f4 g5 24. Be4 gxf4+ 25. Kh1 Rg6 26. Bxg6 fxg6 27. Rxf4 Qf7 28. Qg7+ Qxg7 29. fxg7+ Kxg7 30. Rdf1 c5+ 31. Kg1 Kg8 32. Rf7 Be4 33. R1f6 h5 34. dxc5 Rc8 35. c6 Bxc6 36. Bh6 Nd4 37. Rg7+ Kh8 38. Rff7 Nf5 39. Rxg6 Be8 40. Rf8+ Kh7 41. Rxe6 c3 42. bxc3 1-0

[Event "BEL-chT 1415"]
[Site "Belgium"]
[Date "2015.01.25"]
[Round "7.7"]
[White "Uhoda, Philippe"]
[Black "Goossens, Etienne"]
[Result "1-0"]
[WhiteElo "2144"]
[BlackElo "2207"]
[PlyCount "105"]
[EventDate "2014.09.28"]
[EventType "team-swiss"]
[EventRounds "11"]
[EventCountry "BEL"]
[SourceTitle "EXT 2016"]
[Source "ChessBase"]
[SourceDate "2015.10.08"]
[SourceVersion "1"]
[SourceVersionDate "2015.10.08"]
[SourceQuality "1"]
[WhiteTeam "Namur"]
[BlackTeam "Liege Crelel"]
[WhiteTeamCountry "BEL"]
[BlackTeamCountry "BEL"]

1. d4 e6 2. c4 Bb4+ 3. Bd2 a5 4. g3 Nc6 5. Nf3 d6 6. Bg2 e5 7. d5 Bxd2+ 8. Qxd2 Nb8 9. 0-0 Nd7 10. e4 Ngf6 11. Nc3 0-0 12. Ne1 Nc5 13. Nc2 a4 14. Rae1 Re8 15. Ne3 Bd7 16. Qc2 Qb8 17. b4 axb3 18. axb3 b5 19. b4 Na6 20. Rb1 Qb7 21. Rfc1 Reb8 22. c5 dxc5 23. bxc5 Nxc5 24. Nxb5 Bxb5 25. Qxc5 Qa6 26. Qxc7 Re8 27. Qc3 Rac8 28. Qa1 Rxc1+ 29. Rxc1 Qxa1 30. Rxa1 Rc8 31. f3 g6 32. Kf2 Kg7 33. Ra2 Ne8 34. h4 Nd6 35. g4 Rc7 36. g5 Bd7 37. Bf1 h6 38. Ra6 Ne8 39. Rb6 hxg5 40. hxg5 Ra7 41. Nc4 Ra2+ 42. Be2 Ba4 43. Ke3 f6 44. Rb7+ Kf8 45. gxf6 Nxf6 46. Nxe5 Be8 47. d6 Ra3+ 48. Kd4 Ra4+ 49. Bc4 Ra3 50. f4 Ra8 51. d7 Rd8 52. Bb5 Ke7 53. Nc6+ 1-0

[Event "Oberliga NRW 1415"]
[Site "Germany"]
[Date "2015.01.11"]
[Round "5.4"]
[White "Goossens, Etienne"]
[Black "Wittenberg, Andreas"]
[Result "1-0"]
[WhiteElo "2177"]
[BlackElo "2167"]
[PlyCount "81"]
[EventDate "2014.09.14"]
[EventType "team-tourn"]
[EventRounds "9"]
[EventCountry "GER"]
[SourceTitle "EXT 2017"]
[Source "ChessBase"]
[SourceDate "2016.10.25"]
[SourceVersion "1"]
[SourceVersionDate "2016.10.25"]
[SourceQuality "1"]
[WhiteTeam "Wuerselen"]
[BlackTeam "Muelheim Nord II"]
[WhiteTeamCountry "GER"]
[BlackTeamCountry "GER"]

1. d4 e6 2. c4 Bb4+ 3. Nd2 f5 4. g3 Nf6 5. Bg2 0-0 6. Ngf3 d5 7. 0-0 c6 8. Qc2 Qe7 9. Ne5 Bd6 10. Ndf3 Ne4 11. Nd3 b6 12. Bf4 Bxf4 13. Nxf4 Bb7 14. Ne5 Nd7 15. Nxd7 Qxd7 16. e3 Rac8 17. Rfd1 Qe7 18. Qa4 Ra8 19. Rac1 Rfe8 20. Rc2 Qd7 21. cxd5 exd5 22. Rdc1 Qd6 23. Qb3 Kh8 24. Nd3 Nf6 25. a4 Nd7 26. a5 Rab8 27. a6 Ba8 28. Qc3 c5 29. dxc5 bxc5 30. Nxc5 Nxc5 31. Qxc5 Qxa6 32. Qd4 Bb7 33. Rc7 Rg8 34. Bh3 Bc8 35. Rxa7 Qb6 36. Rxc8 Qxd4 37. Rxg8+ Kxg8 38. exd4 g6 39. Bg2 Rxb2 40. Bxd5+ Kh8 41. Be6 1-0

[Event "BEL-chT 1415"]
[Site "Belgium"]
[Date "2014.11.30"]
[Round "5.7"]
[White "Wantiez, Fabrice"]
[Black "Goossens, Etienne"]
[Result "1-0"]
[WhiteElo "2274"]
[BlackElo "2207"]
[PlyCount "65"]
[EventDate "2014.09.28"]
[EventType "team-swiss"]
[EventRounds "11"]
[EventCountry "BEL"]
[SourceTitle "EXT 2016"]
[Source "ChessBase"]
[SourceDate "2015.10.08"]
[SourceVersion "1"]
[SourceVersionDate "2015.10.08"]
[SourceQuality "1"]
[WhiteTeam "Fontaine"]
[BlackTeam "Liege Crelel"]
[WhiteTeamCountry "BEL"]
[BlackTeamCountry "BEL"]

1. e4 e5 2. Nf3 Nc6 3. Bb5 Nf6 4. Qe2 Bc5 5. c3 0-0 6. d3 Re8 7. Nbd2 a6 8. Ba4 Nh5 9. Nb3 Bf8 10. Bxc6 bxc6 11. 0-0 a5 12. a4 Qf6 13. c4 Nf4 14. Bxf4 exf4 15. c5 d6 16. Rfc1 Be6 17. Nbd4 dxc5 18. Nxe6 Qxe6 19. Nd2 f5 20. Qf3 Rab8 21. Qxf4 Bd6 22. Qxf5 Qh6 23. Nc4 Bxh2+ 24. Kf1 Rf8 25. Qh3 Qf4 26. Rc2 Bg3 27. f3 Rf6 28. Ke2 g6 29. Nxa5 h5 30. Nc4 g5 31. Qxh5 g4 32. Rh1 Rbf8 33. Qh7# 1-0

[Event "BEL-chT 1314"]
[Site "Belgium"]
[Date "2013.09.22"]
[Round "1.4"]
[White "Goossens, Etienne"]
[Black "Vandenbussche, Thibaut"]
[Result "0-1"]
[WhiteElo "2194"]
[BlackElo "2392"]
[PlyCount "62"]
[EventDate "2013.09.22"]
[EventType "team-tourn"]
[EventRounds "11"]
[EventCountry "BEL"]
[SourceTitle "CBM 156 Extra"]
[Source "ChessBase"]
[SourceDate "2013.10.22"]
[SourceVersion "1"]
[SourceVersionDate "2013.10.22"]
[SourceQuality "1"]
[WhiteTeam "Liege Crelel"]
[BlackTeam "KGSRL"]
[WhiteTeamCountry "BEL"]
[BlackTeamCountry "BEL"]

1. Nf3 g6 2. d4 Bg7 3. e4 d6 4. Nc3 Nf6 5. Be3 0-0 6. Qd2 Ng4 7. Bf4 Nc6 8. h3 Nf6 9. 0-0-0 d5 10. e5 Ne8 11. Be2 f6 12. h4 Bg4 13. h5 gxh5 14. e6 Bxe6 15. Rxh5 Bf7 16. Rdh1 Bxh5 17. Rxh5 f5 18. Bh6 Rf6 19. g4 fxg4 20. Ne5 Nxd4 21. Qxd4 Rxh6 22. Rg5 Rh1+ 23. Kd2 e6 24. Qxg4 Qf6 25. f4 Nd6 26. Bf3 Rh2+ 27. Kc1 Rf8 28. Ne2 Ne4 29. Bxe4 dxe4 30. Nd4 Qxf4+ 31. Qxf4 Rxf4 0-1

[Event "Regionalliga Mittelrhein 1213"]
[Site "Germany"]
[Date "2013.04.14"]
[Round "9.3"]
[White "Tuerk, Philipp"]
[Black "Goossens, Etienne"]
[Result "0-1"]
[WhiteElo "2066"]
[BlackElo "2211"]
[PlyCount "52"]
[EventDate "2012.09.09"]
[EventType "team"]
[EventRounds "11"]
[EventCountry "GER"]
[SourceTitle "EXT 2015"]
[Source "ChessBase"]
[SourceDate "2014.11.20"]
[SourceVersion "1"]
[SourceVersionDate "2014.11.20"]
[SourceQuality "1"]
[WhiteTeam "Gruenfeld"]
[BlackTeam "Wuerselen"]
[WhiteTeamCountry "GER"]
[BlackTeamCountry "GER"]

1. e4 e5 2. Nf3 Nc6 3. Bc4 Bc5 4. b4 Bxb4 5. c3 Ba5 6. d4 exd4 7. 0-0 Nge7 8. cxd4 d5 9. exd5 Nxd5 10. Ba3 Be6 11. Nbd2 Bb4 12. Bxb4 Ncxb4 13. Qb3 0-0 14. Bxd5 Nxd5 15. Qxb7 Nf4 16. Qe4 Qf6 17. Rfe1 Bd5 18. Qe5 Qxe5 19. Rxe5 Rfd8 20. g3 Ne6 21. Re3 a5 22. Rc3 h6 23. a3 Rab8 24. Kf1 Rb2 25. Nc4 Rb3 26. Rac1 Bxc4+ 0-1